000 00237nam a2200097Ia 4500
005 20251222114353.0
008 251222s1900||||xx |||||||||||||| ||spa||
082 _aDVD0195/F32/2006
245 0 _aFe cristiana, ciencia y milagros
942 _cDVD
999 _c1312
_d1312